Fairly Odd Parents Character Picture Quiz - Statistics

General Stats
  • This quiz has been taken 281 times
  • The average score is 11 of 15
Answer Stats
Picture Answer % Correct
Timmy Turner
99%
Cosmo
98%
Wanda
98%
Vicky
91%
Poof
82%
Mr. Crocker
76%
The Crimson Chin
74%
Trixie Tang
73%
Jorgen Von Strangle
67%
A.J.
65%
Chester
60%
Chip Skylark
60%
Tootie
50%
Mark Chang
45%
Francis
44%
No matching quizzes found
Score Distribution
Percent of People with Each Score
Percentile by Number Answered
Your Score History
You have not taken this quiz